| 000 | 01540nam a22003494a 4500 | ||
|---|---|---|---|
| 001 | ebr10209977 | ||
| 003 | CaPaEBR | ||
| 006 | m u | ||
| 007 | cr cn||||||||| | ||
| 008 | 040402s2004 ilua sb 101 0 eng | ||
| 010 | _z 2004048030 | ||
| 020 | _z0226355357 (cloth: alk. paper) | ||
| 040 |
_aCaPaEBR _cCaPaEBR |
||
| 035 | _a(OCoLC)615017352 | ||
| 043 | _an-us--- | ||
| 050 | 1 | 4 |
_aLB2350.5 _b.C647 2004eb |
| 245 | 0 | 0 |
_aCollege choices _h[electronic resource] : _bthe economics of where to go, when to go, and how to pay for it / _cedited by Caroline M. Hoxby. |
| 260 |
_aChicago : _bUniversity of Chicago Press, _c2004. |
||
| 300 |
_ax, 435 p. : _bill. |
||
| 490 | 1 | _aA National Bureau of Economic Research conference report | |
| 504 | _aIncludes bibliographical references and indexes. | ||
| 533 |
_aElectronic reproduction. _bPalo Alto, Calif. : _cebrary, _d2013. _nAvailable via World Wide Web. _nAccess may be limited to ebrary affiliated libraries. |
||
| 650 | 0 |
_aCollege choice _xEconomic aspects _zUnited States _vCongresses. |
|
| 650 | 0 |
_aStudent aid _zUnited States _vCongresses. |
|
| 650 | 0 |
_aCollege attendance _zUnited States _vCongresses. |
|
| 655 | 7 |
_aElectronic books. _2local |
|
| 700 | 1 | _aHoxby, Caroline Minter. | |
| 710 | 2 | _aNational Bureau of Economic Research. | |
| 710 | 2 | _aebrary, Inc. | |
| 830 | 0 | _aNational Bureau of Economic Research conference report. | |
| 856 | 4 | 0 |
_uhttp://site.ebrary.com/lib/rucke/Doc?id=10209977 _zAn electronic book accessible through the World Wide Web; click to view |
| 999 |
_c226979 _d226979 |
||